000 00447nam a2200157 i 4500
001 101907
003 ES-MaACL
005 20230906183015.0
007 t|
008 051026s1972 sp ||||1| spa d
100 1 _aMena, Juan (
_d1943-)
_9139315
245 1 0 _aClaridad retenida
_b: premio "Bahia" 1972 /
_cJuan Mena Coello.
260 _aAlgeciras :
_bAlgecireƱa,
_c1972.
300 _a56 p. ;
_c17 cm.
852 _aES-MaACL
_jC-43902
_bR.82914
999 _c101907
_d101907